Painless writing / (Record no. 56890)
[ view plain ]
| 000 -LEADER | |
|---|---|
| fixed length control field | 01364cam a22002534a 4500 |
| 001 - CONTROL NUMBER | |
| control field | vtls003040759 |
| 003 - CONTROL NUMBER IDENTIFIER | |
| control field | MY-SjTCS |
| 005 - DATE AND TIME OF LATEST TRANSACTION | |
| control field | 20200306165706.0 |
| 008 - FIXED-LENGTH DATA ELEMENTS--GENERAL INFORMATION | |
| fixed length control field | 110218s2001 nyua j 001 0 eng |
| 020 ## - INTERNATIONAL STANDARD BOOK NUMBER | |
| International Standard Book Number | 0764118102 |
| 020 ## - INTERNATIONAL STANDARD BOOK NUMBER | |
| International Standard Book Number | 9780764118104 |
| 039 #9 - LEVEL OF BIBLIOGRAPHIC CONTROL AND CODING DETAIL [OBSOLETE] | |
| Level of rules in bibliographic description | 201102181459 |
| Level of effort used to assign nonsubject heading access points | VLOAD |
| Level of effort used to assign subject headings | 200811241817 |
| Level of effort used to assign classification | VLOAD |
| Level of effort used to assign subject headings | 200701221456 |
| Level of effort used to assign classification | pushpa |
| Level of effort used to assign subject headings | 200612051628 |
| Level of effort used to assign classification | malathy |
| -- | 200612051616 |
| -- | malathy |
| 082 00 - DEWEY DECIMAL CLASSIFICATION NUMBER | |
| Classification number | 808.042 |
| Item number | STR |
| 100 1# - MAIN ENTRY--PERSONAL NAME | |
| Personal name | Strausser, Jeffrey. |
| 9 (RLIN) | 23270 |
| 245 10 - TITLE STATEMENT | |
| Title | Painless writing / |
| Statement of responsibility, etc. | Jeffrey Strausser ; illustrated by Denise Gilgannon. |
| 260 ## - PUBLICATION, DISTRIBUTION, ETC. | |
| Place of publication, distribution, etc. | Hauppauge, N.Y. : |
| Name of publisher, distributor, etc. | Barron's Educational series, |
| Date of publication, distribution, etc. | c2001. |
| 300 ## - PHYSICAL DESCRIPTION | |
| Extent | viii, 246 p. : |
| Other physical details | ill. ; |
| Dimensions | 23 cm. |
| 500 ## - GENERAL NOTE | |
| General note | Includes index. |
| 505 0# - FORMATTED CONTENTS NOTE | |
| Formatted contents note | Introduction - 1. Clean up preposition clutter - 2. Enliven your writing - 3. Silencing the passive voice - 4. Reduce nominalizations and activate your writing - 5. Smoothing out your writing - 6. Harness the power of the comma - 7. Add rhythm to your writing - 8. Gremlins in your writing - 9. Create a template for your tern paper - Appendix: Further reading - Brain ticklers: The answers - Index. |
| 650 #0 - SUBJECT ADDED ENTRY--TOPICAL TERM | |
| Topical term or geographic name entry element | English language |
| General subdivision | Composition and exercises |
| -- | Study and teaching (Middle school) |
| Form subdivision | Juvenile literature. |
| 9 (RLIN) | 271469 |
| 650 #0 - SUBJECT ADDED ENTRY--TOPICAL TERM | |
| Topical term or geographic name entry element | Report writing |
| Form subdivision | Juvenile literature |
| 9 (RLIN) | 45345 |
| 700 1# - ADDED ENTRY--PERSONAL NAME | |
| Personal name | Gilgannon, Denise, |
| Relator term | (ill.) |
| 9 (RLIN) | 271470 |
| 920 ## - Programme | |
| Programme | BLT(DIP) : 525510 |
| Withdrawn status | Lost status | Source of classification or shelving scheme | Damaged status | Not for loan | Home library | Current library | Date acquired | Total Checkouts | Barcode | Date last seen | Date last checked out | Copy number | Uniform Resource Identifier | Koha item type | Public note |
|---|---|---|---|---|---|---|---|---|---|---|---|---|---|---|---|
| Dewey Decimal Classification | Taylor's Library-TU | Taylor's Library-TU | 05/12/2006 | 20 | 5000025086 | 05/12/2019 | 22/05/2016 | 1 | Floor 4, Shelf 34 , Side 1, TierNo 6, BayNo 3 | Main Collection | SABDx,23003,02,GR |